000 00547nam a2200169Ia 4500
005 20260601193246.0
008 260601s9999||||xx |||||||||||||| ||und||
020 _a978-3-031-59967-5
_qebk
100 _aMuhammad E. H. Chowdhury
245 0 _aSurveillance, Prevention, and Control of Infectious Diseases
250 _a2024
260 _aHeidelberg, Germany
_bSpringer Nature
_c2024
650 _aComputer Science
700 _aSerkan Kiranyaz
856 _uhttps://link.springer.com/openurl?genre=book&isbn=978-3-031-59967-5
942 _cEB
_2ddc
999 _c56575
_d56575